New Zealand Quiz - Statistics

General Stats
  • This quiz has been taken 35 times
  • The average score is 13 of 15
Answer Stats
Hint Answer % Correct
How Many Main Islands Does NZ Have? 3
97%
How Many Main Languages Does New Zealand Have? 3
97%
What is the Biggest City in New Zealand Auckland
97%
Name the Islands North Island
97%
South Island
97%
What is the Capital City of New Zealand Wellington
97%
What City Had A Major Earthquake in 2012 Christchurch
93%
What is the National Animal of New Zealand Kiwi
93%
What is the name of the original culture that lived in New Zealand Maori
93%
What is the Name of the Tallest Tower in the Southern Hemisphere that is in Auckland Sky Tower
83%
Stewart Island
83%
What is the Most Common Overseas Holiday Destination for Kiwis Australia
80%
What is the Biggest Lake in New Zealand Lake Taupo
70%
Who was the first European to Discover New Zealand Abel Tasman
67%
New Zealand's Prime-minister John Key
63%
No matching quizzes found
Score Distribution
Percent of People with Each Score
Percentile by Number Answered
Your Score History
You have not taken this quiz